000 00640nam a2200193Ia 4500
003 GCL
008 140319s9999 xx 000 0 ara d
040 _aGCL /
_cGCL
082 0 4 _a814.02
_bا م
100 1 _aابوالقاسم محمود بن عمرالزمخشرى
245 1 0 _aمقامات الزمخشرى /
_cابوالقاسم محمود بن عمرالزمخشرى
300 _a238 ص
490 _aالهيئة العامة للاستعلامات
_v0
650 0 4 _aالادب العربى
650 0 4 _aالنثر العربى
650 0 4 _aالمقامات
650 0 4 _aالمقامات العربية
942 _2ddc
_cBK
999 _c50467
_d50467